[Event "Challenge"]
[Site "http://www.queenalice.com/game.php?id=1522922"]
[Date "2018.4.9"]
[Round "-"]
[White "ademirmachado"]
[Black "tucuman"]
[Result "0-1"]
[WhiteElo "1857"]
[BlackElo "2343"]

1. d4 d5 2. e3 Bf5 3. c4 e6 4. Nf3 Nc6 5. Nc3 Nf6 6. Nh4 Bg6 7. Nxg6 hxg6 8. Bd3
Be7 9. cxd5 exd5 10. O-O Qd7 11. Re1 Bd6 12. Nb5 a6 13. Nxd6+ Qxd6 14. g3 Ne4
15. Qf3 O-O-O 16. Bxe4 dxe4 17. Qxe4 Rde8 18. Qf3 f6 19. Qg4+ f5 20. Qf3 Rh3 21.
Qg2 Reh8 22. f4 Rxh2 23. Qf3 Rh1+ 24. Kf2 R8h2+ 0-1

[Event "Challenge"]
[Site "http://www.queenalice.com/game.php?id=1522923"]
[Date "2018.4.9"]
[Round "-"]
[White "ademirmachado"]
[Black "Danado"]
[Result "1-0"]
[WhiteElo "1811"]
[BlackElo "1526"]

1. e4 e5 2. Nf3 f6 3. d4 d6 4. dxe5 dxe5 5. Qxd8+ Kxd8 6. Bc4 Bd6 7. Nc3 Ne7 8.
Be3 h5 9. O-O-O Bg4 10. Be2 Bxf3 11. Bxf3 g6 12. Bc5 Rh7 13. Bxd6 cxd6 14. Rxd6+
Nd7 15. Rhd1 Nc6 16. Ne2 Kc7 17. g3 Rd8 18. Bg2 Ndb8 19. Rxf6 Rxd1+ 20. Kxd1 Rg7
21. h4 Nd7 22. Rf3 g5 23. hxg5 Rxg5 24. Rf7 h4 25. Rh7 hxg3 26. Nxg3 Nb8 27. Bh3
Rg8 28. b4 Rd8 29. Kc1 Nc6 30. a3 Nd4 31. c4 Nf3 32. Nh5 Ng5 33. Rxd7+ Rxd7 34.
Bxd7 Kxd7 35. Nf6+ Ke6 36. Ng4 Nxe4 37. Kc2 Kf5 38. Ne3+ Kf4 39. Nd1 Kf3 40. Kd3
Nd6 41. c5 Nb5 42. a4 e4+ 43. Kd2 Nd4 44. b5 Nb3+ 45. Kc3 Nxc5 46. a5 Ne6 47.
Kc4 Nf4 48. Kd4 Ne2+ 49. Ke5 Ng3 50. fxg3 e3 51. Nxe3 Kxe3 52. g4 1-0

[Event "Challenge"]
[Site "http://www.queenalice.com/game.php?id=1524439"]
[Date "2018.4.21"]
[Round "-"]
[White "ademirmachado"]
[Black "erminius"]
[Result "0-1"]
[WhiteElo "1816"]
[BlackElo "1926"]

1. e4 e6 2. d4 d5 3. exd5 exd5 4. Bb5+ c6 5. Qe2+ Be7 6. Bd3 Nf6 7. Bg5 O-O 8.
Nd2 Re8 9. O-O-O h6 10. Bh4 c5 11. c3 cxd4 12. cxd4 Nc6 13. Ngf3 Ne4 14. Bxe7
Qxe7 15. Bb5 Qc7 16. Nxe4 Nxd4+ 0-1

[Event "Challenge"]
[Site "http://www.queenalice.com/game.php?id=1524847"]
[Date "2018.4.25"]
[Round "-"]
[White "ademirmachado"]
[Black "Robertas"]
[Result "1-0"]
[WhiteElo "1803"]
[BlackElo "1817"]

1. d4 d5 2. e3 Nf6 3. Bd3 e6 4. Nd2 Bd6 5. f4 Nc6 6. Ngf3 O-O 7. O-O Bd7 8. c3
h6 9. Ne5 Nh7 10. Qh5 Nf6 11. Qf3 Nh7 12. Qg3 Ne7 13. Ndf3 f6 14. Ng6 Nxg6 15.
Bxg6 Be8 16. Bd3 c5 17. c4 dxc4 18. Bxc4 Bf7 19. e4 a6 20. e5 Be7 21. f5 fxe5
22. Bxh6 1-0

[Event "Challenge"]
[Site "http://www.queenalice.com/game.php?id=1524850"]
[Date "2018.4.25"]
[Round "-"]
[White "ademirmachado"]
[Black "Kkaio77"]
[Result "0-1"]
[WhiteElo "1814"]
[BlackElo "1932"]

1. d4 d5 2. e3 Nf6 3. Bd3 e6 4. Nd2 Bb4 5. c3 Be7 6. f4 O-O 7. Ngf3 Nbd7 8. O-O
c5 9. b3 b6 10. Ne5 Bb7 11. h3 Nxe5 12. fxe5 Ne4 13. Nxe4 dxe4 14. Bc2 Rc8 15.
Qg4 cxd4 16. exd4 Rxc3 17. Bxe4 Bxe4 18. Qxe4 Qc7 19. Bb2 Rc2 20. Rab1 Rc8 21.
Qf4 Bb4 22. Rfc1 Bd2 23. Rxc2 Qxc2 24. Qf1 Be3+ 25. Kh1 Rd8 26. Qd1 Qf2 27. Rc1
Qxb2 28. Rc2 Qxd4 29. Qf3 h6 30. Rc7 Qd1+ 31. Kh2 Qxf3 32. gxf3 Rd2+ 33. Kg3
Rxa2 34. f4 Ra3 35. Kg4 b5 36. Rb7 a6 0-1

[Event "Challenge"]
[Site "http://www.queenalice.com/game.php?id=1525185"]
[Date "2018.4.26"]
[Round "-"]
[White "Useless"]
[Black "ademirmachado"]
[Result "1-0"]
[WhiteElo "1773"]
[BlackElo "1829"]

1. e4 c5 2. Bc4 Nf6 3. e5 d5 4. Bb5+ Nfd7 5. e6 fxe6 6. Qh5+ g6 7. Qe5 Rg8 8.
Qxe6 Rh8 9. Qe5 Rg8 10. Qe6 Rh8 11. Nf3 a6 12. Ng5 Qa5 13. Qf7+ Kd8 14. Ne6# 1-0

[Event "Challenge"]
[Site "http://www.queenalice.com/game.php?id=1525186"]
[Date "2018.4.26"]
[Round "-"]
[White "Robertas"]
[Black "ademirmachado"]
[Result "1-0"]
[WhiteElo "1734"]
[BlackElo "1838"]

1. e4 e5 2. Nf3 Nc6 3. Bb5 a6 4. Ba4 b5 5. Bb3 d6 6. O-O Bg4 7. Bd5 Qd7 8. d3
Rb8 9. h3 Bh5 10. Nxe5 Nxe5 11. Qxh5 Nf6 12. Qe2 Nxd5 13. exd5 g6 14. f4 Bg7 15.
fxe5 dxe5 16. Nc3 O-O 17. Qf3 f5 18. Bg5 h6 19. Bd2 e4 20. dxe4 fxe4 21. Qxe4
Qd6 22. Qe6+ Kh8 23. Qxd6 cxd6 24. Rxf8+ Rxf8 25. Rf1 Re8 26. Rf7 b4 27. Na4 a5
28. Bf4 Be5 29. Bxe5+ dxe5 30. Ra7 e4 31. Kf1 Rd8 32. Rxa5 Kg7 33. Ke2 Kf6 34.
Ke3 Ke5 35. Rb5 Ra8 36. b3 Rc8 37. Rc5 Rxc5 38. Nxc5 Kxd5 39. Nxe4 Ke5 40. Nd2
h5 41. Nb1 1-0

[Event "AUTO-ADV-4009"]
[Site "http://www.queenalice.com/game.php?id=1525496"]
[Date "2018.4.30"]
[Round "1"]
[White "ACamargo"]
[Black "ademirmachado"]
[Result "1-0"]
[WhiteElo "2015"]
[BlackElo "1851"]

1. d4 d5 2. c4 c6 3. a4 a5 4. Nc3 Nf6 5. e3 Bf5 6. Nf3 Nbd7 7. c5 Ne4 8. Bd2
Ndf6 9. Be2 e6 10. O-O Be7 11. h3 O-O 12. Ne5 Nd7 13. Nxd7 Qxd7 14. Nxe4 Bxe4
15. f3 Bg6 16. Bc3 Bh4 17. Be1 Qe7 18. g3 Bg5 19. f4 Bf6 20. g4 Bh4 21. Bxh4 f6
22. Qd2 Be4 23. Rf2 h6 24. Bg3 f5 25. Bf3 g6 26. Bxe4 fxe4 27. h4 h5 28. gxh5
gxh5 29. Bh2 Qxh4 30. Rg2+ Kh7 31. Rf1 Qe7 32. Rff2 Rg8 33. Qe2 Qf7 34. Bg3 Qf5
35. Bh2 Qh3 36. Kf1 Rg7 37. Qd2 Rag8 38. Bg1 h4 39. Qe2 Rxg2 40. Qh5+ Kg7 41.
Rxg2+ Kf8 42. Qh6+ Kf7 43. Qh7+ Rg7 44. Qxg7+ Ke8 45. Qg4 1-0

[Event "AUTO-ADV-4009"]
[Site "http://www.queenalice.com/game.php?id=1525497"]
[Date "2018.4.30"]
[Round "1"]
[White "ademirmachado"]
[Black "ACamargo"]
[Result "1-0"]
[WhiteElo "1842"]
[BlackElo "2024"]

1. d4 d5 2. e3 e6 3. Bd3 Nf6 4. Nd2 c5 5. c3 c4 6. Bc2 Bd7 7. f4 Nc6 8. Ngf3 Bd6
9. O-O h6 10. Ne5 O-O 11. Qf3 Ne7 12. h3 Nf5 13. g4 Nh4 14. Qg3 Nh7 15. Ndf3
Nxf3+ 16. Rxf3 Bxe5 17. fxe5 f6 18. Bd2 Ng5 19. Rff1 Ne4 20. Bxe4 dxe4 21. exf6
gxf6 22. Rf4 Bc6 23. Raf1 e5 24. R4f2 Qe7 25. Qh4 Kg7 26. Rf5 Be8 27. Kh2 Bg6
28. R5f2 Rad8 29. Qg3 Rd6 30. h4 Rf7 31. h5 Bh7 32. Qh4 exd4 33. cxd4 Rb6 34.
Bc3 Qd6+ 35. Kg1 Qd5 36. Qg3 Rb5 37. Qh4 Rb6 38. Kh2 a5 39. a4 Qd7 40. d5 Qxd5
41. Bxf6+ Kg8 42. Bd4 Rxf2+ 43. Qxf2 1-0

[Event "AUTO-ADV-4009"]
[Site "http://www.queenalice.com/game.php?id=1525514"]
[Date "2018.4.30"]
[Round "1"]
[White "ademirmachado"]
[Black "Sixpack_is_impossible"]
[Result "0-1"]
[WhiteElo "1820"]
[BlackElo "1886"]

1. d4 e6 2. c4 Nf6 3. Nc3 d5 4. Bg5 dxc4 5. e4 a6 6. e5 h6 7. Bh4 g5 8. Bxg5
hxg5 9. exf6 Qxf6 10. Bxc4 Bb4 11. Ne2 Nc6 12. a3 Bxc3+ 13. bxc3 Na5 14. Ba2 Bd7
15. Rb1 O-O-O 16. Qc2 Bc6 17. f3 g4 18. fxg4 Bxg2 19. Rg1 Rxh2 20. Ng3 Qh4 21.
Rxg2 Rh1+ 22. Kd2 Qg5+ 23. Ke2 Qxg4+ 24. Kf2 Qf4+ 25. Ke2 Qg4+ 26. Kf2 Qf4+ 27.
Ke2 Rxb1 28. Bxb1 Nc4 29. Qe4 Qd2+ 30. Kf1 Ne3+ 31. Kg1 Nxg2 32. Qxg2 Qxc3 33.
Be4 Qxd4+ 34. Kf1 Qd1+ 35. Kf2 Rd2+ 0-1

[Event "AUTO-ADV-4009"]
[Site "http://www.queenalice.com/game.php?id=1525515"]
[Date "2018.4.30"]
[Round "1"]
[White "Sixpack_is_impossible"]
[Black "ademirmachado"]
[Result "1-0"]
[WhiteElo "1925"]
[BlackElo "1826"]

1. e4 e5 2. Nf3 Nc6 3. Bc4 Nf6 4. O-O Bc5 5. c3 O-O 6. d4 exd4 7. cxd4 Bb6 8. d5
Na5 9. Qc2 Nxc4 10. Qxc4 d6 11. h3 h6 12. Nc3 a6 13. Bd2 Re8 14. Rfe1 Bd7 15. a4
Qc8 16. e5 dxe5 17. Nxe5 Bxh3 18. gxh3 Qxh3 19. Qf4 Nh5 20. Qxf7+ Kh8 21. Ng6+
Kh7 22. Rxe8 Rxe8 23. Qxe8 Qg4+ 24. Kf1 Qh3+ 25. Ke2 Qg4+ 26. Kd3 Qf5+ 27. Ne4
Nf6 28. Nf8+ Kg8 29. Nd7+ Kh7 30. Nxf6+ gxf6 31. Qf7+ Kh8 32. Qxf6+ Qxf6 33.
Nxf6 1-0

[Event "AUTO-ADV-4009"]
[Site "http://www.queenalice.com/game.php?id=1525516"]
[Date "2018.4.30"]
[Round "1"]
[White "ademirmachado"]
[Black "MarceloF"]
[Result "1-0"]
[WhiteElo "1838"]
[BlackElo "1774"]

1. d4 Nf6 2. c4 a6 3. Nc3 e6 4. a3 c5 5. Bg5 Be7 6. e3 h6 7. Bh4 g5 8. Bg3 Nc6
9. d5 Na5 10. Be5 d6 11. Bg3 Rb8 12. Qa4+ Bd7 13. Qc2 b5 14. Ne4 e5 15. Bd3 bxc4
16. Bxc4 Nxc4 17. Qxc4 Bb5 18. Qc2 Nxd5 19. O-O-O Nb6 20. Ne2 Nc4 21. N2c3 Nb6
22. Nxb5 axb5 23. Kb1 Ra8 24. Rd2 b4 25. Rhd1 d5 26. Nxc5 bxa3 27. bxa3 Rxa3 28.
Bxe5 Bf6 29. Bb2 Bxb2 30. Qxb2 O-O 31. Qxa3 Qb8 32. Rb2 Qc7 33. Qa6 Rb8 34. Rc1
Nc4 35. Rxb8+ Qxb8+ 36. Qb7 Qe5 37. Nd3 Nd2+ 38. Kc2 Nc4 39. Nxe5 1-0

[Event "AUTO-ADV-4009"]
[Site "http://www.queenalice.com/game.php?id=1525517"]
[Date "2018.4.30"]
[Round "1"]
[White "MarceloF"]
[Black "ademirmachado"]
[Result "0-1"]
[WhiteElo "1789"]
[BlackElo "1803"]

1. c4 e5 2. e3 c5 3. Nc3 f5 4. Nd5 Nf6 5. d4 cxd4 6. exd4 Nxd5 7. cxd5 Qa5+ 8.
Qd2 Qxd5 9. dxe5 Qxe5+ 10. Ne2 g6 11. g3 Bg7 12. Bg2 O-O 13. O-O d5 14. Bxd5+
Kh8 15. Re1 Qc7 16. Nf4 Bd7 17. Be6 Re8 18. Bxd7 Rxe1+ 19. Qxe1 Qxd7 20. Ne6 Bf6
21. Nc5 Qc6 22. Ne6 Na6 23. a3 Re8 24. Qe3 Nc5 25. Ra2 Rxe6 26. Qd2 Nb3 27. a4
Nxd2 0-1

[Event "Challenge"]
[Site "http://www.queenalice.com/game.php?id=1527661"]
[Date "2018.5.18"]
[Round "-"]
[White "MADMIKE"]
[Black "ademirmachado"]
[Result "1-0"]
[WhiteElo "1880"]
[BlackElo "1865"]

1. d4 d5 2. Nc3 c6 3. h3 Nf6 4. e3 Bf5 5. Nf3 Nbd7 6. Be2 e6 7. a3 Bd6 8. O-O
O-O 9. b4 b5 10. Bd3 Bxd3 11. cxd3 Re8 12. e4 dxe4 13. dxe4 a5 14. bxa5 Qxa5 15.
Bd2 Qb6 16. e5 Nxe5 17. dxe5 Be7 18. exf6 Bxf6 19. Rb1 Rxa3 20. Be3 Qc7 21. Ne4
Be7 22. Bc5 Rd8 23. Qe2 f5 24. Bxe7 Qxe7 25. Ng3 g6 26. Ne5 Rc3 27. Qb2 Rc5 28.
f4 Qh4 29. Qa3 Rc2 30. Qb3 Rcd2 31. Qxe6+ Kg7 32. Kh2 Rc2 33. Qb3 Rdd2 34. Rg1
Qxf4 35. Qf7+ Kh6 36. Nf3 Qh4 37. Nxh4 1-0

[Event "Challenge"]
[Site "http://www.queenalice.com/game.php?id=1527662"]
[Date "2018.5.18"]
[Round "-"]
[White "ademirmachado"]
[Black "MADMIKE"]
[Result "1/2-1/2"]
[WhiteElo "1850"]
[BlackElo "1898"]

1. d4 d5 2. e3 a6 3. Bd3 Nf6 4. Nd2 Nc6 5. f4 e6 6. Ngf3 Be7 7. O-O h6 8. c3 O-O
9. Ne5 Nxe5 10. fxe5 Nh7 11. Qc2 f5 12. exf6 Nxf6 13. e4 dxe4 14. Nxe4 Nxe4 15.
Bxe4 c6 16. Be3 Bd7 17. Rad1 Bg5 18. Rxf8+ Qxf8 19. Bxg5 hxg5 20. Rf1 Qe7 21.
Bh7+ Kh8 22. Qg6 Be8 23. Qe4 g6 24. Bxg6 Bxg6 25. Qxg6 Rg8 26. Qh6+ Qh7 27.
Qxh7+ Kxh7 28. Rf7+ Rg7 29. Rf8 Re7 30. Rb8 Kg6 31. g4 Kf6 32. Kf2 e5 33. dxe5+
Kxe5 34. Kf3 Rf7+ 35. Ke3 Kd5 36. b3 Re7+ 37. Kd3 c5 38. Rd8+ Kc6 39. Rg8 Rd7+
40. Kc2 Rd5 41. Rg6+ Kc7 42. c4 Re5 43. Kd2 a5 44. a4 b6 45. h3 Kb7 46. Rg7+ Ka6
47. h4 gxh4 48. g5 h3 49. g6 Rg5 50. Rg8 h2 51. Rh8 h1=Q 52. Rxh1 Rxg6 53. Re1
Rd6+ 1/2-1/2

[Event "Challenge"]
[Site "http://www.queenalice.com/game.php?id=1528623"]
[Date "2018.5.26"]
[Round "-"]
[White "ademirmachado"]
[Black "victorbush2"]
[Result "1-0"]
[WhiteElo "1852"]
[BlackElo "1929"]

1. d4 d5 2. e3 Nf6 3. Bd3 Nc6 4. f4 e6 5. Nd2 Bd6 6. Ngf3 O-O 7. O-O h6 8. Ne5
Nb4 9. Be2 c5 10. c3 Na6 11. Bd3 c4 12. Bc2 b5 13. a3 Bb7 14. Qf3 Nc7 15. g4
Bxe5 16. fxe5 Nh7 17. Qg3 a5 18. Nf3 Qe7 19. Bd2 g5 20. Rae1 f6 21. e4 f5 22.
gxf5 exf5 23. exf5 Bc8 24. f6 Qf7 25. h4 Qh5 26. hxg5 Nxg5 27. Nxg5 Kh8 28. Kf2
Qg4 29. Rh1 h5 30. Qxg4 Bxg4 31. Bd1 Kg8 32. Bxg4 hxg4 33. Kg3 a4 34. Rh4 1-0

[Event "AUTO-OPEN-3911"]
[Site "http://www.queenalice.com/game.php?id=1541068"]
[Date "2018.9.4"]
[Round "2"]
[White "al93oliveira"]
[Black "ademirmachado"]
[Result "1-0"]
[WhiteElo "2320"]
[BlackElo "1868"]

1. e4 c5 2. Nf3 Nc6 3. d4 cxd4 4. Nxd4 Nf6 5. Nc3 e5 6. Ndb5 a6 7. Nd6+ Bxd6 8.
Qxd6 Qe7 9. Qd1 O-O 10. Bg5 h6 11. Nd5 Qd8 12. Nxf6+ gxf6 13. Bxh6 d6 14. Bc4
Re8 15. Qh5 Qe7 16. Qg6+ Kh8 17. Qg7# 1-0

[Event "AUTO-OPEN-3911"]
[Site "http://www.queenalice.com/game.php?id=1541069"]
[Date "2018.9.4"]
[Round "2"]
[White "ademirmachado"]
[Black "al93oliveira"]
[Result "0-1"]
[WhiteElo "1836"]
[BlackElo "2295"]

1. d4 Nf6 2. c4 g6 3. Nc3 Bg7 4. e4 d6 5. Nf3 O-O 6. Bd3 Nc6 7. d5 Nb4 8. Be2 a5
9. a3 Na6 10. O-O Nc5 11. Qc2 Bg4 12. Be3 Nfd7 13. h3 Bxf3 0-1

[Event "AUTO-OPEN-3911"]
[Site "http://www.queenalice.com/game.php?id=1541074"]
[Date "2018.9.4"]
[Round "2"]
[White "ademirmachado"]
[Black "Rzeznik"]
[Result "0-1"]
[WhiteElo "1815"]
[BlackElo "2116"]

1. d4 g6 2. e4 Bg7 3. Be3 Nf6 4. f3 O-O 5. Bc4 d5 6. exd5 Nxd5 7. Bxd5 Qxd5 8.
Nc3 Qc4 9. Nge2 Rd8 10. b3 Qb4 11. O-O e5 12. d5 e4 13. Bd2 exf3 0-1

[Event "AUTO-OPEN-3911"]
[Site "http://www.queenalice.com/game.php?id=1541075"]
[Date "2018.9.4"]
[Round "2"]
[White "Rzeznik"]
[Black "ademirmachado"]
[Result "1-0"]
[WhiteElo "2113"]
[BlackElo "1819"]

1. d4 d5 2. e3 Bf5 3. Nf3 Nf6 4. c4 c6 5. Bd3 Bg4 6. O-O e6 7. Nbd2 Nbd7 8. h3
Bh5 9. Qb3 Rb8 10. Re1 Bd6 11. c5 Bc7 12. e4 O-O 13. e5 Ne8 14. g4 Bg6 15. Bxg6
1-0